[Event "EU-ch 6th"]
[Site "Warsaw"]
[Date "2005.07.01"]
[Round "13"]
[White "Del Rio de Angelis, Salvador Gabriel"]
[Black "Kharlov, Andrei"]
[Result "1-0"]
[WhiteElo "2495"]
[BlackElo "2628"]
[PlyCount "133"]
[EventDate "2005.06.18"]
[EventType "swiss"]
[EventRounds "13"]
[EventCountry "POL"]
[SourceTitle "CBM 108"]
[Source "ChessBase"]
[SourceDate "2005.09.26"]
[SourceVersion "1"]
[SourceVersionDate "2005.09.26"]
[SourceQuality "1"]

1. d4 d5 2. c4 dxc4 3. Nf3 e6 4. e3 a6 5. Bxc4 c5 6. O-O Nf6 7. Bb3 b5 8. a4 b4
9. Nbd2 Be7 10. e4 Bb7 11. Bc2 cxd4 12. e5 Nfd7 13. Ne4 Nc6 14. Bf4 Qa5 15.
Nxd4 Ncxe5 16. Qh5 Nf6 17. Nxf6+ Bxf6 18. Qh3 Qc5 19. Nxe6 fxe6 20. Rac1 Qd6
21. Rfe1 Ke7 22. Qg3 Rac8 23. Rcd1 Qb6 24. Bxe5 Rxc2 25. Bxf6+ Kxf6 26. Rd6
Qxd6 27. Qxd6 Bd5 28. Qxb4 Kf7 29. h3 Rhc8 30. Qd6 R2c6 31. Qd7+ Kg8 32. b4 h6
33. Re3 R8c7 34. Qe8+ Kh7 35. Rg3 Rc4 36. Qf8 Rb7 37. Rg4 Rc1+ 38. Kh2 Ra1 39.
a5 Rc1 40. Qd6 Rc6 41. Qe5 Rcc7 42. Rf4 Rc8 43. h4 Rbc7 44. Qe2 Rc4 45. Rxc4
Rxc4 46. h5 Rxb4 47. Qxa6 Rh4+ 48. Kg1 Rxh5 49. Qb5 Re5 50. Qb1+ g6 51. a6 Rg5
52. Qf1 Rg4 53. Kh2 g5 54. f3 Ra4 55. Qd3+ Kg7 56. Qc3+ Kf7 57. Qc7+ Kf6 58.
Qd8+ Ke5 59. Qh8+ Kd6 60. Qf8+ Ke5 61. a7 Ra2 62. Kg3 h5 63. f4+ Kd4 64. Qb4+
Kd3 65. Qb1+ Rc2 66. fxg5 Kc3 67. Qxc2+ 1-0

[Event "Amsterdam ACT op 2nd"]
[Site "Amsterdam"]
[Date "2005.07.16"]
[Round "1"]
[White "Bitalzadeh, Ali"]
[Black "Kharlov, Andrei"]
[Result "0-1"]
[WhiteElo "2317"]
[BlackElo "2619"]
[PlyCount "80"]
[EventDate "2005.07.16"]
[EventType "swiss"]
[EventRounds "9"]
[EventCountry "NED"]
[SourceTitle "CBM 107 ext"]
[Source "ChessBase"]
[SourceDate "2005.09.01"]
[SourceVersion "1"]
[SourceVersionDate "2005.09.01"]
[SourceQuality "1"]

1. e4 c5 2. Nf3 Nc6 3. d4 cxd4 4. Nxd4 Nf6 5. Nc3 d6 6. Bc4 e6 7. Bb3 a6 8. O-O
Be7 9. Kh1 Na5 10. f4 b5 11. e5 Ng8 12. f5 Nxb3 13. axb3 dxe5 14. fxe6 Nf6 15.
Nf5 Qxd1 16. Rxd1 fxe6 17. Nxe7 Bb7 18. Nc6 Bxc6 19. Rd6 Bb7 20. Rxe6+ Kf7 21.
Rxe5 Rac8 22. Bg5 b4 23. Rae1 bxc3 24. Re7+ Kg6 25. Bxf6 gxf6 26. bxc3 Bc6 27.
Kg1 Rhe8 28. Kf2 Rxe7 29. Rxe7 a5 30. c4 a4 31. Ra7 Rb8 32. Ra6 axb3 33. cxb3
Be4 34. Ke3 Bxg2 35. Ra3 Kg5 36. Kd4 f5 37. b4 f4 38. b5 Rd8+ 39. Kc5 f3 40.
Ra2 Rf8 0-1

[Event "Amsterdam ACT op 2nd"]
[Site "Amsterdam"]
[Date "2005.07.17"]
[Round "2"]
[White "Kharlov, Andrei"]
[Black "Van Delft, Merijn"]
[Result "1/2-1/2"]
[WhiteElo "2619"]
[BlackElo "2369"]
[PlyCount "120"]
[EventDate "2005.07.16"]
[EventType "swiss"]
[EventRounds "9"]
[EventCountry "NED"]
[SourceTitle "CBM 107 ext"]
[Source "ChessBase"]
[SourceDate "2005.09.01"]
[SourceVersion "1"]
[SourceVersionDate "2005.09.01"]
[SourceQuality "1"]

1. e4 c6 2. d4 d5 3. exd5 cxd5 4. c4 Nf6 5. Nc3 Nc6 6. Bg5 e6 7. c5 Be7 8. Bb5
O-O 9. Bxc6 bxc6 10. Nf3 Re8 11. O-O Qc7 12. Re1 Bf8 13. Bxf6 gxf6 14. Ne2 Be7
15. Ng3 Kh8 16. Qd2 Rg8 17. Rab1 Rg4 18. b4 Bd7 19. h3 Rg6 20. Nh4 Rg5 21. Rb3
Rag8 22. Kh2 f5 23. Kh1 f4 24. Ngf5 Bf8 25. Nd6 Bxd6 26. cxd6 Qxd6 27. Rf3 f6
28. Qxf4 Qxf4 29. Rxf4 Kg7 30. Rf3 Rb8 31. Ra3 Rb7 32. Nf3 Rf5 33. Ra5 Rf4 34.
a3 Kf7 35. Kh2 Ke7 36. Kg3 Rf5 37. Nd2 e5 38. Nb3 Kd6 39. f3 h5 40. Kf2 h4 41.
Nc5 Rc7 42. Rc1 Bc8 43. Na6 Bxa6 44. Rxa6 Kd7 45. Ke3 Rf4 46. dxe5 fxe5 47. Rc5
Kd6 48. Rca5 Rg7 49. Rc5 Rc7 50. Rc2 Kd7 51. Ra5 Rf8 52. Rac5 a6 53. Kd3 Rf4
54. Ra5 Ra7 55. Ke3 Kd6 56. Kf2 Rd4 57. Rac5 Rc7 58. R5c3 Rd1 59. Rc5 Rb1 60.
Ra5 Ra7 1/2-1/2

[Event "Amsterdam ACT op 2nd"]
[Site "Amsterdam"]
[Date "2005.07.18"]
[Round "3"]
[White "Gullaksen, Eirik Tvedt"]
[Black "Kharlov, Andrei"]
[Result "1/2-1/2"]
[WhiteElo "2382"]
[BlackElo "2619"]
[PlyCount "50"]
[EventDate "2005.07.16"]
[EventType "swiss"]
[EventRounds "9"]
[EventCountry "NED"]
[SourceTitle "CBM 107 ext"]
[Source "ChessBase"]
[SourceDate "2005.09.01"]
[SourceVersion "1"]
[SourceVersionDate "2005.09.01"]
[SourceQuality "1"]

1. e4 e5 2. Nf3 Nc6 3. Bb5 a6 4. Ba4 Nf6 5. d3 d6 6. c4 Bd7 7. Nc3 g6 8. h3 Bg7
9. Be3 O-O 10. Qd2 Ne7 11. Bxd7 Nxd7 12. Bh6 c5 13. O-O Rb8 14. Bxg7 Kxg7 15.
Nh2 b5 16. b3 f5 17. exf5 Nxf5 18. f4 Ng3 19. Rf2 Qh4 20. Nd5 Rbe8 21. Nc7 Re7
22. Nd5 Re6 23. Nc7 Re7 24. Nd5 Ree8 25. Nc7 Re7 1/2-1/2

[Event "Amsterdam ACT op 2nd"]
[Site "Amsterdam"]
[Date "2005.07.20"]
[Round "5"]
[White "Janssen, Ruud"]
[Black "Kharlov, Andrei"]
[Result "1/2-1/2"]
[WhiteElo "2501"]
[BlackElo "2619"]
[PlyCount "55"]
[EventDate "2005.07.16"]
[EventType "swiss"]
[EventRounds "9"]
[EventCountry "NED"]
[SourceTitle "CBM 107 ext"]
[Source "ChessBase"]
[SourceDate "2005.09.01"]
[SourceVersion "1"]
[SourceVersionDate "2005.09.01"]
[SourceQuality "1"]

1. d4 d5 2. c4 e6 3. Nc3 c6 4. Nf3 dxc4 5. a4 Bb4 6. e3 b5 7. Bd2 a5 8. axb5
Bxc3 9. Bxc3 cxb5 10. b3 Bb7 11. bxc4 b4 12. Bb2 Nf6 13. Bd3 Nbd7 14. O-O O-O
15. Nd2 e5 16. Bc2 Qc7 17. Ba4 Nb6 18. Bb5 exd4 19. exd4 Ba6 20. Rxa5 Nxc4 21.
Rxa6 Nxb2 22. Qb3 Qc3 23. Rb1 Rxa6 24. Bxa6 Qxd2 25. Qxb2 Qf4 26. g3 Qd6 27.
Bb7 Rd8 28. Qxb4 1/2-1/2

[Event "Amsterdam ACT op 2nd"]
[Site "Amsterdam"]
[Date "2005.07.22"]
[Round "7"]
[White "Bellini, Fabio"]
[Black "Kharlov, Andrei"]
[Result "1/2-1/2"]
[WhiteElo "2501"]
[BlackElo "2619"]
[PlyCount "83"]
[EventDate "2005.07.16"]
[EventType "swiss"]
[EventRounds "9"]
[EventCountry "NED"]
[SourceTitle "CBM 107 ext"]
[Source "ChessBase"]
[SourceDate "2005.09.01"]
[SourceVersion "1"]
[SourceVersionDate "2005.09.01"]
[SourceQuality "1"]

1. e4 c5 2. c3 d6 3. d4 Nf6 4. Bd3 cxd4 5. cxd4 g6 6. h3 Bg7 7. Nf3 O-O 8. Nc3
Nc6 9. O-O Nd7 10. Be3 e5 11. Bc4 Nb6 12. Bb5 exd4 13. Nxd4 Bd7 14. Nde2 a6 15.
Bxc6 Bxc6 16. Bd4 Bh6 17. Qd3 Re8 18. Rad1 Nd7 19. Qg3 Bxe4 20. Nxe4 Rxe4 21.
Nc3 Re6 22. f4 Re8 23. Nd5 Bg7 24. Bxg7 Kxg7 25. Qc3+ Kg8 26. Rfe1 Re6 27. Rxe6
fxe6 28. Nc7 Rc8 29. Nxe6 Qb6+ 30. Qd4 d5 31. Qxb6 Nxb6 32. Rd3 Re8 33. Ng5 h6
34. Nf3 Re2 35. Rb3 Nc4 36. Rxb7 Ne3 37. Ne5 Rxg2+ 38. Kh1 d4 39. Rb8+ Kg7 40.
Rb7+ Kg8 41. Rb8+ Kg7 42. Rb7+ 1/2-1/2

[Event "Amsterdam ACT op 2nd"]
[Site "Amsterdam"]
[Date "2005.07.23"]
[Round "8"]
[White "Kharlov, Andrei"]
[Black "Williams, Simon Kim"]
[Result "0-1"]
[WhiteElo "2619"]
[BlackElo "2461"]
[PlyCount "100"]
[EventDate "2005.07.16"]
[EventType "swiss"]
[EventRounds "9"]
[EventCountry "NED"]
[SourceTitle "CBM 107 ext"]
[Source "ChessBase"]
[SourceDate "2005.09.01"]
[SourceVersion "1"]
[SourceVersionDate "2005.09.01"]
[SourceQuality "1"]

1. Nf3 e6 2. b3 f5 3. Bb2 Nf6 4. c4 Be7 5. h3 d6 6. g4 e5 7. Qc2 Nc6 8. gxf5
Nb4 9. Qc3 c5 10. a3 Nc6 11. Qc2 e4 12. Ng5 Bxf5 13. Bg2 d5 14. cxd5 Qxd5 15.
e3 Bg6 16. h4 Ne5 17. Bxe5 Qxe5 18. Nc3 O-O 19. Ngxe4 Nxe4 20. Bxe4 Bh5 21.
Bxh7+ Kh8 22. Bg6 Rxf2 23. Bxh5 Qxh5 24. Qe4 Raf8 25. Qxe7 Qf3 26. Qxf8+ Qxf8
27. O-O-O Qf3 28. Rhe1 Qc6 29. Rg1 Qe6 30. Kc2 Qxe3 31. Rg5 b6 32. Rd5 Qf4 33.
h5 Kh7 34. Re1 Rg2 35. Re4 Qf1 36. Rd7 Qf5 37. Rd5 Qf1 38. Rd7 b5 39. Rd5 c4
40. bxc4 bxc4 41. Rdd4 Rg1 42. Rxc4 Qc1+ 43. Kb3 Qxd2 44. Rg4 Rxg4 45. Rxg4 Qd8
46. a4 Qa5 47. Rh4 Qg5 48. Rh1 Kh6 49. Kb4 Qf4+ 50. Kc5 Qf3 0-1

[Event "Amsterdam ACT op 2nd"]
[Site "Amsterdam"]
[Date "2005.07.24"]
[Round "9"]
[White "D'Costa, Lorin"]
[Black "Kharlov, Andrei"]
[Result "1-0"]
[WhiteElo "2352"]
[BlackElo "2619"]
[PlyCount "75"]
[EventDate "2005.07.16"]
[EventType "swiss"]
[EventRounds "9"]
[EventCountry "NED"]
[SourceTitle "CBM 107 ext"]
[Source "ChessBase"]
[SourceDate "2005.09.01"]
[SourceVersion "1"]
[SourceVersionDate "2005.09.01"]
[SourceQuality "1"]

1. e4 c5 2. Nf3 d6 3. d4 cxd4 4. Nxd4 Nf6 5. Nc3 Nc6 6. Bg5 e6 7. Qd2 Be7 8.
O-O-O O-O 9. f4 Nxd4 10. Qxd4 Qa5 11. Bc4 Bd7 12. Rd3 Bc6 13. Rg3 Kh8 14. e5
dxe5 15. fxe5 Ng8 16. h4 Rad8 17. Qf4 Qc5 18. Bd3 f5 19. exf6 Nxf6 20. Qe3
Qxe3+ 21. Rxe3 Bxg2 22. Rg1 Bc6 23. Rxe6 Bc5 24. Rge1 h6 25. Bxf6 Rxf6 26. Rxf6
gxf6 27. Ne4 Bd4 28. Rf1 Be3+ 29. Kb1 Rd4 30. Ng3 Rxh4 31. Rxf6 Bf4 32. Rf8+
Kg7 33. Rxf4 Rxf4 34. Nh5+ Kf7 35. Nxf4 Kf6 36. Nh3 h5 37. Kc1 h4 38. Bf1 1-0

[Event "RUS-ch sf 58th"]
[Site "Kazan"]
[Date "2005.09.04"]
[Round "2"]
[White "Kharlov, Andrei"]
[Black "Novikov, Stanislav"]
[Result "1-0"]
[WhiteElo "2619"]
[BlackElo "2534"]
[Annotator "Finkel,A"]
[PlyCount "57"]
[EventDate "2005.09.03"]
[EventType "swiss"]
[EventRounds "9"]
[EventCountry "RUS"]
[SourceTitle "CBM 109"]
[Source "ChessBase"]
[SourceDate "2005.11.14"]
[SourceVersion "1"]
[SourceVersionDate "2005.11.14"]
[SourceQuality "1"]

1. d4 d5 2. Nf3 Nc6 3. e3 Bg4 4. Be2 e6 5. h3 Bh5 6. Nbd2 Nf6 7. O-O Bd6 8. b3
e5 $6 {Very dubious decision after which black has to defend very accurately
to keep the balance.} (8... O-O 9. Bb2 Bg6 10. Ne5 $6 Bxe5 11. dxe5 Ne4 12.
Nxe4 $6 Bxe4 13. f3 Bf5 14. Bd3 Qg5 $17 {Tran T Kim,U-Le T Kim,H/Dong Thap 2000
}) (8... Bxf3 9. Bxf3 Qe7 10. Bb2 Ba3 11. Qc1 Bxb2 12. Qxb2 e5 13. dxe5 Nxe5
14. c4 Nxf3+ 15. Nxf3 O-O $11 {Weber,G-Raedeker,B/Bad Sooden 2002}) 9. Nxe5 $1
Bxe2 (9... Nxe5 10. Bxh5 $16) 10. Nxc6 Bxd1 11. Nxd8 Be2 12. Nxb7 Bxf1 13.
Nxd6+ cxd6 14. Kxf1 $14 {This is an end of the forced line. White's got 2
pawns for exchange, but more important he's got a very strong center. An only
weakness in his position is a pawn on g2, but it proves to be enough for black
to keep the balance.} Kd7 (14... Rc8 $6 15. c4 Kd7 16. Ke2 dxc4 17. bxc4 d5 18.
cxd5 Rhe8 19. Ba3 Nxd5 20. Bc5 a6 21. Nc4 $14) 15. Ke2 Rac8 16. Kd3 h5 $6 ({
More consistent was} 16... Ne4 $1 17. Nxe4 dxe4+ 18. Kd2 d5 {[%csl Rg2][%cal
Gc8c6,Gc6g6]} 19. Ba3 Rc6 $1 20. Bc5 Rg6 21. Rg1 a6 22. c4 Kc6 $11 {and it's
hardly possible for white to make progress as his rook is tied by defense of a
pawn on g2.}) 17. c4 h4 18. Ba3 Rc6 (18... Rh6 19. c5 Rg6 20. Rg1 dxc5 21. Bxc5
Re8 $14 {[%cal Gf6e4]}) 19. c5 $1 Ra6 {[%csl Ra6,Ra7]} 20. Bb4 dxc5 21. Bxc5
Rh5 $2 ({May be it was possible to save the game after} 21... Rb8 $8 {[%cal
Gf6e4]} 22. a3 (22. f3 Ke6 23. a3 Nd7 24. b4 Nxc5+ 25. bxc5 Ra4 $13) 22... Ne4
23. Nxe4 dxe4+ 24. Kxe4 Rxb3 25. Ra2 Re6+ 26. Kf3 Rf6+ 27. Ke2 Rg6 $132) 22. a4
$18 Ne4 (22... Rg5 23. b4 Rxg2 24. f3 Rh2 25. b5 Re6 26. Bxa7 Rxh3 27. a5 $18)
(22... Ne8 $5 $16) 23. Nxe4 dxe4+ 24. Kxe4 Rg5 25. Rh1 Rxg2 (25... Re6+ 26. Kf4
Rxg2 27. Kf3 Rg5 28. e4 Rf6+ 29. Ke2 Rg2 30. d5 $18) 26. Kf3 Rg5 27. e4 Rf6+
28. Ke2 Rg2 29. d5 (29. d5 a5 30. Be3 Rfg6 31. Kf1 Kc7 32. Bd2 Kb6 33. e5 $18)
1-0

[Event "RUS-ch sf 58th"]
[Site "Kazan"]
[Date "2005.09.10"]
[Round "8"]
[White "Kharlov, Andrei"]
[Black "Sorokin, Maxim"]
[Result "1/2-1/2"]
[WhiteElo "2619"]
[BlackElo "2567"]
[Annotator "Mikhalevski,V"]
[PlyCount "84"]
[EventDate "2005.09.03"]
[EventType "swiss"]
[EventRounds "9"]
[EventCountry "RUS"]
[SourceTitle "CBM 109"]
[Source "ChessBase"]
[SourceDate "2005.11.14"]
[SourceVersion "1"]
[SourceVersionDate "2005.11.14"]
[SourceQuality "1"]

1. e4 e5 2. Nf3 Nc6 3. Bb5 a6 4. Ba4 Nf6 5. O-O Nxe4 6. d4 b5 7. Bb3 d5 8. dxe5
Be6 9. Nbd2 Nc5 10. c3 Be7 (10... d4 $5) 11. Bc2 d4 {This thematic
breakthrough now or one move earlier has become Black's main weapon against 9.
Nbd2.} 12. Nb3 (12. cxd4 $5 Nxd4 13. Nxd4 Qxd4 14. Nf3 Qxd1 15. Rxd1 {promises
some edge for White at the endgame. Sutovsky,E-Korchnoi,V, George Marx mem 3rd
(10) 2005/CBM 108 [Mikhalevski,V]}) (12. Ne4 {transposes to 12.Nb3 after} d3
13. Nxc5 dxc2 14. Qxd8+ Rxd8 15. Nxe6 fxe6) 12... d3 13. Nxc5 {Usually White
plays this way if he doesn't want to take any chances and get a slightly
better endgame.} (13. Bb1 {leads to more interesting play. Grischuk,A-Sorokin,
M, RUS-chT Sochi(7) 2005. CBM107[Postny]}) 13... dxc2 14. Qxd8+ Rxd8 15. Nxe6
fxe6 16. Be3 Rd5 17. Rfc1 $1 {[%cal Gg1f1,Gc1c2]} (17. c4 $6 bxc4 18. Rac1 Nb4
$1 (18... Nxe5 $6 {Svidler,P-Kaidanov,G, Moscow Aeroflot op 2003/ CBM94[Postny]
}) (18... Bc5 $6) 19. a3 {1/2-1/2 Smirin,I-Kaidanov,G/Ashdod ISR 2004.} (19.
Bd2 Nd3 20. Rxc2 Kd7 21. Rxc4 Nxb2 $15 {Ehlvest,J-Mikhalevski,V, World Open
2004.})) (17. Rac1 Nxe5 18. Nxe5 Rxe5 19. Rxc2 Kf7 20. c4 b4 21. b3 Rd8 22. Bf4
Rc5 23. Re1 Bf6 24. Bd2 a5 25. Kf1 Rc6 26. Re4 Rcd6 27. Ke2 $14 {1-0 Fishbein,
A-Esserman,M/Seattle USA 2003.}) 17... Nxe5 18. Nxe5 Rxe5 19. Rxc2 (19. Bd4 Rg5
20. Rxc2 Kf7 21. a4 Rd5 22. axb5 axb5 23. g3 Rhd8 {1/2-1/2 Benjamin,J-Kaidanov,
G/San Diego USA 2004/ (43) promised no advantage for White.}) 19... Kf7 20. c4
b4 21. Bf4 {The idea behind the move is not very clear to me. Probably Kharlov
was trying to provoke g5, which however doesn't look like a big concession. In
any case it's not clear why White deviates from 21.Rd1.} (21. Rd1 {occuried
earlier this year. See 1-0 Sutovsky,E-Sorokin,M, RUS-chT Sochi 2005/CBM 107
[Postny]}) 21... Re4 (21... Ra5 $6 {[%cal Ga5a2,Gb4b3] is dubious because of
the simple} 22. b3 $5 (22. Bxc7 $6 {leads to equality after} Rxa2 $1 23. Rxa2
b3 {[%csl Ra2,Rc2]} 24. Ra3 $1 Bxa3 25. Rc3 Bxb2 26. Rxb3 Rc8 $11)) 22. g3 {
[%cal Gf2f3,Ga1d1] This way White creates a threat of 23.Rd1 with f3 to follow.
} ({Exchange of the c-pawns after} 22. Bxc7 $2 Rc8 23. f3 Rd4 24. Be5 Rdxc4 $15
{would certainly be in Black's favour.}) 22... Rd8 $1 {Black takes control
over the open d-file.} ({The immediate} 22... g5 $2 {turns out to be a blunder
in view of} 23. f3 Rd4 $140 24. Be5 {[%csl Rd4,Rh8]}) 23. Kg2 {[%cal Gg2f3]} g5
(23... c6 24. Be3 {[%csl Gd4]}) (23... Red4 $5 $11) 24. Be3 {White succeeded
in provoking g5, but...} Re5 {[%cal Ge7c5]} 25. h3 Bc5 26. Bxc5 Rxc5 $11 {
Black has fully equalized the position.} 27. Re1 e5 28. b3 a5 {[%cal Ga5a4]
Now it's time to look for an active plan. Black is trying to create a weakness
on b3.} 29. Re3 a4 30. bxa4 Ra8 31. Rce2 Kf6 32. Rf3+ Ke6 33. a3 Rxa4 34. axb4
Rxb4 35. Rf8 {[%cal Gf8h8] White exchanges the c- and h-pawns.} Rbxc4 36. Rh8
Rc2 37. Re3 R2c3 38. Kf3 (38. Re2 $11) 38... Kf5 39. Rxh7 e4+ 40. Kg2 Rxe3 41.
fxe3 Rc2+ 42. Kf1 Rc1+ {An easy draw for Black.} 1/2-1/2

[Event "EU-Cup 21st"]
[Site "Saint Vincent"]
[Date "2005.09.22"]
[Round "5.6"]
[White "Inarkiev, Ernesto"]
[Black "Kharlov, Andrei"]
[Result "1/2-1/2"]
[WhiteElo "2618"]
[BlackElo "2619"]
[Annotator "Huzman"]
[PlyCount "121"]
[EventDate "2005.09.18"]
[EventType "team-swiss"]
[EventRounds "7"]
[EventCountry "ITA"]
[SourceTitle "CBM 110"]
[Source "ChessBase"]
[SourceDate "2006.01.31"]
[SourceVersion "1"]
[SourceVersionDate "2006.01.31"]
[SourceQuality "1"]
[WhiteTeam "Tomsk 400"]
[BlackTeam "Kazan Ladya"]
[WhiteTeamCountry "RUS"]
[BlackTeamCountry "RUS"]

1. d4 d5 2. c4 dxc4 3. Nf3 c5 4. d5 Nf6 5. Nc3 e6 6. e4 exd5 7. e5 Ne4 8. Nxe4
dxe4 9. Qxd8+ Kxd8 10. Ng5 Be6 11. Nxe6+ fxe6 12. Bxc4 Nc6 13. Bf4 Kc7 $1 14.
O-O-O Be7 15. h4 {This move can hardly be considered as an improvment. Black
has better perspectives in this endgame.} (15. Rhe1 g5 $1 16. Bg3 h5 17. h3 h4
18. Bh2 Rhf8 19. Bxe6 $2 (19. Bg1 $142) 19... Rxf2 20. Rd7+ Kb6 $17 {1/2-1/2
Kharlov,A-Kosintseva,T/St Petersburg 2003/EXT 2004 (51)}) 15... Nd4 (15... Rhf8
16. g3 (16. Bg3 Nd4 17. Rhe1 b5 18. Bf1 a6 19. Rxe4 Nf5 $15) 16... Nd4 17. Rde1
(17. Rhe1 b5 18. Bf1 Bxh4 19. Rxe4 Be7 20. Be3 Kb6 $15) 17... Rad8 18. Rxe4 b5
19. Bf1 Kb6 $15) 16. Rde1 b5 17. Bf1 Rad8 18. Rxe4 c4 $15 19. g3 $1 {[%cal
Gf1h3]} Nc6 (19... Bc5 20. Bh3 $132) 20. Bh3 Nb4 21. Kb1 Nd3 22. Be3 Bc5 23.
Bxe6 $8 (23. Rf1 Bxe3 24. Rxe3 Rhe8 $15) 23... Nxf2 (23... Rhe8 $142 24. Bxc4 (
24. Bf7 Re7 25. e6 Bxe3 26. Rxe3 Nxf2 $15) 24... bxc4 25. Rxc4 Kb6 26. Rxc5
Nxc5 27. b4 Rxe5 28. bxc5+ Kc6 29. Kc2 $11) 24. Bxf2 Bxf2 25. Bf7 $14 {The
passed pawn e5 gives white better chances.} Bc5 26. Kc2 (26. b3 cxb3 27. axb3
Rd2 $132) 26... Rd3 (26... Kd7 27. e6+ Ke7 28. Re5 Bd4 (28... Rc8 29. Rd1 $16)
29. Rxb5 Rb8 30. Rxb8 Rxb8 31. b3 $14) 27. Bxc4 bxc4 28. Rxc4 Rd5 29. b4 Rxe5
30. Rf1 Kb6 31. Rxc5 Rxc5+ 32. bxc5+ Kxc5 33. Rf7 $16 g6 34. Rxa7 (34. g4 h5
35. g5 Rd8 36. Rxa7 Rd4 $132) 34... Rf8 $1 {[%mdl 256] The active rook
determines the drawing character of this endgame.} 35. Rc7+ (35. Rxh7 Rf2+ 36.
Kb3 Rf3+ 37. Ka4 Rxg3 $14) 35... Kb4 36. Kb2 Rf2+ 37. Rc2 Rf3 38. Rg2 h5 $11
39. Kc2 g5 40. hxg5 Rf5 41. Rh2 Rxg5 42. Rh3 Ra5 43. Kd3 Ra3+ 44. Ke2 Rxa2+ 45.
Kf3 Ra5 46. Kf4 Kc4 47. Rh1 Kd3 48. Re1 Kd2 49. Re4 Kd3 50. Re7 Rd5 51. Re3+
Kd2 52. Re8 Kd3 53. Re7 Ra5 54. Kf3 Kd4 55. Kg2 Re5 56. Rf7 Kd5 57. Rf6 Re6 58.
Rf2 Re4 59. Kh3 Ke6 60. Rf8 Rg4 61. Rh8 1/2-1/2

[Event "EU-ch Internet Cand 3rd"]
[Site "playchess.com INT"]
[Date "2006.01.21"]
[Round "1"]
[White "Kharlov, Andrei"]
[Black "Brener, Ilja"]
[Result "1/2-1/2"]
[WhiteElo "2558"]
[BlackElo "2323"]
[PlyCount "311"]
[EventDate "2006.01.21"]
[EventType "swiss (blitz)"]
[EventRounds "17"]
[EventCountry "GER"]
[SourceTitle "EXT 2007"]
[Source "ChessBase"]
[SourceDate "2006.11.23"]
[SourceVersion "1"]
[SourceVersionDate "2006.11.23"]
[SourceQuality "1"]

1. e4 c5 2. c3 Nf6 3. e5 Nd5 4. d4 cxd4 5. Nf3 Nc6 6. Bc4 Nb6 7. Bb3 d5 8. exd6
Qxd6 9. O-O Be6 10. Bxe6 Qxe6 11. Nxd4 Nxd4 12. cxd4 Qd7 13. Nc3 e6 14. Qg4 f5
15. Qe2 Be7 16. Re1 O-O 17. Qxe6+ Qxe6 18. Rxe6 Bf6 19. Ne2 Kf7 20. Re3 Nd5 21.
Rb3 b6 22. Bd2 Rfe8 23. Kf1 Rac8 24. Rc1 g6 25. Rb5 Rxc1+ 26. Bxc1 Ke6 27. Bd2
Rc8 28. Ke1 Kd6 29. Rb3 Rc4 30. Rh3 Rc2 31. Bc1 Rc7 32. Kd1 a5 33. Bd2 a4 34.
Rd3 b5 35. a3 Rc8 36. Bc3 g5 37. Ng3 Ke6 38. Ne2 g4 39. Bd2 h5 40. h3 h4 41.
Nf4+ Nxf4 42. Bxf4 Kd5 43. Kd2 Ke4 44. Be5 Bg5+ 45. Re3+ Bxe3+ 46. fxe3 g3 47.
Bf6 f4 48. exf4 Kxf4 49. Bxh4 Ke4 50. Bxg3 Rg8 51. Be5 Rxg2+ 52. Kc3 Kd5 53. h4
Re2 54. Bf6 Re3+ 55. Kd2 Rh3 56. Kc2 Kc4 57. Kd2 Rh2+ 58. Kc1 Kd3 59. Kb1 Rh1+
60. Ka2 Kc4 61. Be5 Rxh4 62. Bf6 Rh1 63. Be5 Rd1 64. Bf6 Rf1 65. Be5 Rf7 66.
Bh8 Rd7 67. Be5 Kd3 68. Bf6 Kc2 69. Be5 Rh7 70. Bf6 Rh5 71. Be5 Rh1 72. Bf6 Rb1
73. d5 Rd1 74. d6 Rxd6 75. Bc3 Rd1 76. Be5 Rd3 77. Bf6 Rb3 78. Bg7 b4 79. axb4
a3 80. bxa3 Rg3 81. Be5 Rg5 82. Bd4 Kd3 83. Bc5 Kc4 84. a4 Rg2+ 85. Kb1 Kb3 86.
Kc1 Kxa4 87. Kd1 Rb2 88. Ke1 Kb5 89. Kd1 Kc4 90. Ke1 Kd3 91. Kf1 Re2 92. Kg1
Ke4 93. Kf1 Kf3 94. Kg1 Rb2 95. Kh1 Kg3 96. Bd6+ Kf3 97. Bc5 Rg2 98. Bd6 Rg6
99. Bc5 Rg5 100. Bd6 Kf2 101. Bc5+ Kf1 102. Kh2 Rg8 103. Kh3 Ke2 104. Kh2 Kf3
105. Kh1 Ra8 106. Kh2 Ra2+ 107. Kh1 Rb2 108. Kg1 Rb3 109. Kh1 Rd3 110. Kh2 Rd2+
111. Kh1 Kg3 112. b5 Rd1+ 113. Bg1 Rb1 114. b6 Kh3 115. b7 Rxb7 116. Bf2 Rb2
117. Bg1 Kg4 118. Be3 Kf3 119. Bd4 Rb1+ 120. Kh2 Rb7 121. Kh1 Rb8 122. Kh2 Rg8
123. Kh1 Rg4 124. Bc5 Kg3 125. Kg1 Rc4 126. Bd6+ Kf3 127. Kh2 Rd4 128. Bc5 Rd5
129. Bb6 Rd6 130. Bc7 Rg6 131. Kh1 Rg2 132. Bd6 Rd2 133. Bc7 Rc2 134. Bb8 Rc8
135. Bd6 Rh8+ 136. Kg1 Rg8+ 137. Kh1 Kg4 138. Kg2 Rd8 139. Be5 Rd2+ 140. Kh1
Kf3 141. Bc7 Kf2 142. Bb6+ Kf1 143. Bc5 Rd5 144. Bg1 Rh5+ 145. Bh2 Ke2 146. Kg2
Rg5+ 147. Bg3 Rg8 148. Kh2 Kf3 149. Bd6 Rh8+ 150. Kg1 Ke2 151. Kg2 Rg8+ 152.
Bg3 Ke3 153. Kh2 Kf3 154. Bd6 Kf2 155. Bc5+ Kf3 156. Bd6 1/2-1/2

[Event "EU-ch Internet Cand 3rd"]
[Site "playchess.com INT"]
[Date "2006.01.21"]
[Round "2"]
[White "Kharlov, Andrei"]
[Black "Arutyunova, Diana"]
[Result "1/2-1/2"]
[WhiteElo "2558"]
[BlackElo "2326"]
[PlyCount "68"]
[EventDate "2006.01.21"]
[EventType "swiss (blitz)"]
[EventRounds "17"]
[EventCountry "GER"]
[SourceTitle "EXT 2007"]
[Source "ChessBase"]
[SourceDate "2006.11.23"]
[SourceVersion "1"]
[SourceVersionDate "2006.11.23"]
[SourceQuality "1"]

1. d4 Nf6 2. c4 c5 3. dxc5 e6 4. a3 a5 5. Nc3 Bxc5 6. Nf3 d5 7. cxd5 Nxd5 8.
Nxd5 exd5 9. g3 Qb6 10. e3 O-O 11. Bg2 Nc6 12. O-O d4 13. exd4 Nxd4 14. Be3
Nxf3+ 15. Qxf3 Bxe3 16. Qxe3 Qxb2 17. Rab1 Qa2 18. Qb3 Qxb3 19. Rxb3 Rb8 20.
Rb6 Bf5 21. Rc1 Rfc8 22. Rxc8+ Rxc8 23. Bxb7 Rb8 24. Ra6 g6 25. Ra7 a4 26. h4
Be6 27. Kh2 Bb3 28. g4 Rd8 29. Bc6 Rd2 30. Kg3 Ra2 31. h5 Rxa3 32. Kh4 Kg7 33.
g5 gxh5 34. Kxh5 Be6 1/2-1/2